| 000 | 01056cam a22003137a 4500 | ||
|---|---|---|---|
| 001 | 15195591 | ||
| 003 | OSt | ||
| 005 | 20140310182448.0 | ||
| 008 | 080227s2008 ph b 000 0 eng | ||
| 010 | _a 2008313230 | ||
| 020 | _a9789715064538 | ||
| 040 |
_aDLC _cDLC _dDLC |
||
| 041 | 0 |
_aeng _atgl |
|
| 042 | _alcode | ||
| 050 |
_aPL 5536 _b.Qu22 2008 |
||
| 110 |
_aUniversity of Santo Tomas _97878 |
||
| 245 | 0 | 0 |
_aQuaerens = Searchings = Paghahanap : _bFilipino essays in medieval studies / _cedited by Jovino G. Miroy, Ma. Liza Ruth A. Ocampo. |
| 246 | 3 | 1 | _aSearchings |
| 246 | 3 | 1 | _aPaghahanap |
| 260 |
_aEspaƱa, Manila : _bUniversity of Santo Tomas Publising House, _cc2008. |
||
| 300 |
_axx, 205 p. ; _c26 cm. |
||
| 504 | _aIncludes bibliographical references. | ||
| 541 | _j1 | ||
| 562 | _eFor circulation. 1 copy available in the collection | ||
| 650 |
_aPhilippine essays (English) -- Collections. _98966 |
||
| 650 |
_aMedievalism -- Philippines. _98967 |
||
| 710 |
_aUniversity of Santo Tomas _97877 |
||
| 942 |
_2lcc _cSSLC |
||
| 999 |
_c13632 _d13632 |
||